5 Best, 5 Positions, 5 Years- Barcelona 2008-2013 - Statistics

General Stats
  • This quiz has been taken 66 times
  • The average score is 18 of 25
Answer Stats
Hint Answer % Correct
Wingers1. Argentina Lionel Messi
100%
Centre-Forwards1. Argentina Lionel Messi
100%
Centre-Midfielders1. Spain Andres Iniesta
95%
2. Spain Xavi
93%
3. Spain Sergio Busquets
91%
2. Spain Carles Puyol
89%
Full Backs1. Brazil Dani Alves
89%
Centre Backs1. Spain Gerard Pique
88%
2. Spain David Villa
86%
3. Cameroon Samuel Eto'o
86%
4. France Thierry Henry
82%
5. Sweden Zlatan Ibrahimovic
82%
2. Spain Pedro
79%
2. Spain Jordi Alba
77%
3. Chile Alexis Sanchez
75%
3. Argentina Javier Mascherano
75%
3. France Eric Abidal
70%
4. Ivory Coast Yaya Toure
70%
4. Mexico Rafael Marquez
64%
5. Spain Cesc Fabregas
46%
5. Brazil Adriano
36%
4. Spain Bojan
36%
4. Brazil Sylvinho
27%
5. Argentina Gabriel Milito
23%
5. Venezuela Jeffren
13%
No matching quizzes found
Score Distribution
Percent of People with Each Score
Percentile by Number Answered
Your Score History
You have not taken this quiz